| 000 | 00562nam a2200157Ia 4500 | ||
|---|---|---|---|
| 008 | 240514t2024||||xx |||||||||||||| ||spa|| | ||
| 100 | _aSáenz, Paloma | ||
| 119 |
_bArquitectura _cArquitectura integral y tecnologica de la construcción |
||
| 245 | 0 | _aLas 10 mejores aplicaciones para arquitectos y diseñadores | |
| 260 |
_bMéxico Desing _c2024 |
||
| 538 | _aAcceso vía web | ||
| 540 | _fAcceso abierto | ||
| 650 | _aAplicaciones | ||
| 650 | 1 | 4 | _aArquitectura |
| 856 | _uhttps://mexicodesign.com/las-10-mejores-aplicaciones-para-arquitectos-y-disenadores/ | ||
| 999 |
_c174193 _d174193 |
||